Statistics for Most Populous Cities in Countries with Small Populations #2

Click here to take the quiz!

General Stats

  • This quiz has been taken 19 times
  • The average score is 15 of 20

Answer Stats

Population Answer % Correct
11 mil.London
94%
11 mil.Paris
88%
9 mil.Johannesburg
88%
24 mil.Seoul
88%
6 mil.Madrid
88%
14 mil.Istanbul
82%
14 mil.Tehran
82%
11 mil.Lima
82%
16 mil.Cairo
82%
10 mil.Bogota
82%
12 mil.Kinshasa
76%
16 mil.Bangkok
76%
7 mil.Toronto
76%
11 mil.Ho Chi Minh City
71%
7 mil.Baghdad
71%
16 mil.Buenos Aires
65%
8 mil.Kuala Lumpur
59%
8 mil.Hanoi
53%
9 mil.Taipei
41%
8 mil.Luanda
41%

Score Distribution

Percentile by Number Answered

Percent of People with Each Score

Your Score History

You have not taken this quiz